01535nam a2200349 a 4500001001000000003000900010005001700019007000300036008004100039020001500080040003000095041000800125082002200133245023900155264004000394300006200434336002700496337003300523338002800556500003200584505016900616650004500785700003100830700003400861700004200895700004000937700003700977700003601014700004101050700004001091700005401131000035886DO-SdBNP20240722104338.0ta111115e2002 dr abc gre 001 1 spa d a9993487406 aDO-SdBNPbspacBNPHUerda hspa 4a972.93bA881h22200aAtlas histórico de la República Dominicana /cTexto Quisqueya Lora H., Ignacio Aybar Acosta ; ilustración, Ruddy Núñez ; editora, Margarita Castro Catrain ; Cartografía, Eric Castro Ricart ; fotografía, José Luis Abad. 1aSanto Domingo :bSantillana,c2002. a127 páginas :bilustraciones, mapas, retratos ;c33 cm. atextobtxt2rdacontent asin mediaciónbn2rdamedia avolumenbnc2rdacarrier aIncluye índice temático tEtapa precolombina.-- Descubrimiento y conquista.-- Siglo XVII.-- Siglo XVIII.-- Siglo XIX.-- Siglo XX y XXI.-- Evolución de la división territorial dominicana. aRepública DominicanavAtlasxHistoria 1 aLora H., Quisqueya,etexto1 aAcosta, Ignacio Aybar,etexto1 aCastro Catrain, Margarita,eedición1 aCastro Ricart, Eric,ecartografía aAbad, José Luis,efotografía1 aBriones, Ricardo,efotografía1 aDiez Polanco, Carlos, efotografía1 aDiez Polanco, Carlos,efotografía1 aIncháustegui, Arístides,d1938-efotografía